00239nam a2200097Ia 4500008004100000100001800041245004000059260002100099260000900120546001200129170619s9999 xx 000 0 und d aSrivastava- S 2aA Textbook of Environment & Ecology bKataria and Sons c2012 aENGLISH